| 000 | 00749nam a2200241 i 4500 | ||
|---|---|---|---|
| 001 | 14850 | ||
| 003 | ES-MaACL | ||
| 005 | 20240228214404.0 | ||
| 007 | t| | ||
| 008 | 990622s1998 sp ||||1| spa d | ||
| 020 | _a84-206-4291-6 | ||
| 080 | _a946.0"1898" | ||
| 245 | 0 | 0 |
_aMás se perdió en Cuba _b: España, 1898 y la crisis de fin de siglo / _cJuan Pablo Pan-Montojo (coord.). |
| 250 | _a1ª ed., 1ª reimp. | ||
| 260 |
_aMadrid : _bAlianza, _c1998. |
||
| 300 |
_a528 p., [46] p. de lám. ; _c23 cm. |
||
| 500 | _aIndices. | ||
| 504 | _aBibliografía : p. 477-506. | ||
| 651 | 4 |
_aEspaña- _xHistoria- _y1898 _98272 |
|
| 700 | 1 |
_aPan-Montojo, Juan. _988742 |
|
| 852 |
_aES-MaACL _jL-22068 _bR.127352 |
||
| 999 |
_c14850 _d14850 |
||